Savages /

Razor-sharp plot twists, a cast of ruthless antiheroes, and of course, Winslow's superb, adrenaline-fueled prose make this scorching, drug-infused thriller an addictive and entertaining read--Container.

Bibliographic Details
Main Author: Winslow, Don, 1953-
Corporate Author: Tantor Media
Other Authors: Kramer, Michael (Narrator)
Format: CD Audio Book
Language:English
Published: Old Saybrook, Conn. : Tantor Audio, [2010]
Edition:Library ed.
Subjects:

MARC

Tag First Indicator Second Indicator Subfields
LEADER 00000cim a2200000K 4500
001 in00002575103
005 20151201153135.0
007 sd fungnn|||ed
008 100410s2010 ctu nn f n eng d
020 |a 9781400117666 
020 |a 1400117666 
020 |a 9781400147663 (lib. ed.) 
020 |a 1400147662 (lib. ed.) 
035 |a (OCoLC)ocn606782008 
035 |a (OCoLC)606782008 
040 |a BTCTA  |b eng  |c BTCTA  |d DOV  |d UtOrBLW 
049 |a TXAM 
050 4 |a PS3573.I5326  |b S39 2010b 
082 0 4 |a 813/.54  |2 22 
100 1 |a Winslow, Don,  |d 1953- 
245 1 0 |a Savages /  |c Don Winslow. 
250 |a Library ed. 
264 1 |a Old Saybrook, Conn. :  |b Tantor Audio,  |c [2010] 
264 4 |c ℗2010 
300 |a 6 sound discs (7.5 hrs.) :  |b digital ;  |c 4 3/4 in. 
336 |a spoken word  |b spw  |2 rdacontent 
337 |a audio  |b s  |2 rdamedia 
338 |a audio disc  |b sd  |2 rdacarrier 
511 0 |a Read by Michael Kramer. 
500 |a Uabridged. 
500 |a Compact discs. 
520 |a Razor-sharp plot twists, a cast of ruthless antiheroes, and of course, Winslow's superb, adrenaline-fueled prose make this scorching, drug-infused thriller an addictive and entertaining read--Container. 
500 |a Sound recording. 
650 0 |a Drug dealers  |v Fiction. 
650 0 |a Marijuana industry  |v Fiction. 
651 0 |a Laguna Beach (Calif.)  |v Fiction. 
655 7 |a Humorous fiction.  |2 gsafd 
655 7 |a Romantic suspense fiction.  |2 gsafd 
655 7 |a Audiobooks.  |2 lcgft 
700 1 |a Kramer, Michael,  |e narrator. 
710 2 |a Tantor Media. 
938 |a Baker and Taylor  |b BTCP  |n BK0008911225 
948 |a cataloged  |b h  |c 2010/9/1  |d c  |e ceaton  |f 11:47:40 am 
994 |a C0  |b TXA 
999 |a MARS 
999 f f |s 519d9b53-d11b-3bb8-913e-9cd9f3d09fe1  |i e26e0de3-f3a5-3185-9b6b-7dbd74d0386e  |t 0 
952 f f |p ric  |a Texas A&M University  |b Rellis Campus  |c Joint Library Facility  |d Remote Storage  |t 0  |e PS3573.I5326 S39 2010b  |h Library of Congress classification  |i audio -- audio disc  |m A14839257885 
998 f f |a PS3573.I5326 S39 2010b  |t 0  |l Remote Storage